00382pam a2200145 a 4500020000500000040002500005041001300030082001500043100002500058245006200083260003500145300001300180365001000193653003300203 c aMedical College Lib. aENGhENG a617.5bMEN aMenelaus , M. B. . aThe mnagement of Limb Inequality / chTextual Documents a : bChurchill Liv. , c1991. a226 ; c a75=00 aOrthopaedisaMedical Science